000 00705nam a2200241Ia 4500
003 OSt
005 20220918210248.0
006 a|||||r|||| 00| 0
007 ta
008 220917b |||||||| |||| 00| 0 eng d
024 _a119,850
037 _cTextual
040 _aARTS
_cARTS
_beng
041 _2eng
_aeng
082 _aV73:19(zD)p1,N75, L8
110 _aConfrence on the CIA and world peace
_9117640
245 0 _aProceedings
_b unclocking the CIA ed by Howard Frazier
260 _aN.Y
_bThe Free press
_c1978
650 _aHISTORY
700 _aConfrence on the CIA and world peace
_9117641
942 _hV73:19(zD)p1,N75, L8
_cTEXL
_2CC
999 _c243109
_d243109